000 00470cam a2200157 4500500
005 20251012032455.0
041 _afre
042 _adc
100 1 0 _aBarreto, Lima
_eauthor
700 1 0 _a Le Moing, Monique
_eauthor
245 0 0 _aA cartomante-La cartomancienne
260 _c2000.
500 _a35
786 0 _nSigila | 6 | 2 | 2000-12-20 | p. 158-161 | 1286-1715
856 4 1 _uhttps://shs.cairn.info/revue-sigila-2000-2-page-158?lang=fr&redirect-ssocas=7080
999 _c1547368
_d1547368